LIBRARY & INFORMATION CENTRE, KCAET, TAVANUR

ONLINE PUBLIC ACCESS CATALOGUE (OPAC)

Bio gas: Production, management and utilisation / (Record no. 7178)

MARC details
000 -LEADER
fixed length control field 00443cam a2200169ua 4500
003 - CONTROL NUMBER IDENTIFIER
control field OSt
008 - FIXED-LENGTH DATA ELEMENTS--GENERAL INFORMATION
fixed length control field 241101b |||||||| |||| 00| 0 eng d
020 ## - INTERNATIONAL STANDARD BOOK NUMBER
ISBN 81-85167-60-5
041 ## - LANGUAGE CODE
Language code of text/sound track or separate title eng
082 ## - DEWEY DECIMAL CLASSIFICATION NUMBER
Classification number 621.47
Item number MAT/BIO
100 ## - MAIN ENTRY--AUTHOR NAME
Personal name Mathur, A.N.
245 ## - TITLE STATEMENT
Title Bio gas: Production, management and utilisation /
260 ## - PUBLICATION, DISTRIBUTION, ETC. (IMPRINT)
Place of publication New Delhi :
Name of publisher Himanshu Publications ,
Year of publication 1992.
300 ## - PHYSICAL DESCRIPTION
Number of Pages 167 ; .
700 1# - ADDED ENTRY--PERSONAL NAME
Personal name Rathore, N S .
942 ## - ADDED ENTRY ELEMENTS (KOHA)
Koha item type Books
Holdings
Withdrawn status Lost status Damaged status Home library Current library Shelving location Date acquired Full call number Accession Number Koha item type Cost, normal purchase price
      KAUAET KAUAET Shelf- 7A 07/04/2012 621.47 MAT/BI 18121 Books  
      KAUAET KAUAET   07/04/2012 665.776 19629 Books  
      KAUAET KAUAET Shelf- 7A 07/04/2012 621.47 MAT/BI 19787 Books  
Withdrawn     KAUAET KAUAET   14/02/2025 621.47 MAT/BIO 19630 Books 270.00
free website counter